[Event "Capablanca Mem Elite"]
[Site "Havana CUB"]
[Date "2004.05.06"]
[Round "1"]
[White "Felgaer,R"]
[Black "Quezada,Y"]
[Result "1-0"]
[WhiteElo "2592"]
[BlackElo "2478"]
[EventDate "2004.05.06"]

1. e4 c5 2. Nf3 d6 3. d4 cxd4 4. Nxd4 Nf6 5. Nc3 a6 6. a4 e5 7. Nf3 h6 8.
Nd2 Be6 9. Nc4 Qc7 10. Ne3 Nbd7 11. g3 h5 12. h4 g6 13. Bg2 Bg7 14. O-O O-O
15. Qe2 Rac8 16. Rd1 Rfd8 17. a5 Nb8 18. Qe1 Nc6 19. Ncd5 Bxd5 20. Nxd5
Nxd5 21. Rxd5 Nd4 22. c3 Nc2 23. Qd1 Nxa1 24. Be3 Qc4 25. Qxa1 Rc6 26. Qd1
Kh7 27. Bb6 Rd7 28. Bh3 Re7 29. Rxd6 Qxe4 30. Rd8 Rf6 31. Rc8 Ree6 32. Bxe6
Rxe6 33. Qd8 g5 34. Qxg5 Rg6 35. Qxh5+ Rh6 36. Qxf7 1-0

[Event "Capablanca Mem Elite"]
[Site "Havana CUB"]
[Date "2004.05.06"]
[Round "1"]
[White "Morovic Fernandez,I"]
[Black "Ramirez,Al"]
[Result "0-1"]
[WhiteElo "2583"]
[BlackElo "2542"]
[EventDate "2004.05.06"]

1. d4 d5 2. c4 c6 3. Nc3 Nf6 4. e3 a6 5. Nf3 Bf5 6. Bd3 Bxd3 7. Qxd3 e6 8.
O-O Be7 9. b3 O-O 10. Bb2 Nbd7 11. Rfd1 b5 12. cxd5 cxd5 13. a4 b4 14. Ne2
Qb6 15. Rac1 Rac8 16. Rc2 Qb7 17. Rdc1 Bd6 18. Ne5 Nb8 19. Nf4 Nfd7 20. Qe2
Bxe5 21. dxe5 Nc6 22. Nd3 Na5 23. Rxc8 Rxc8 24. Rxc8+ Qxc8 25. Nxb4 Qb7 26.
Ba3 Nc5 27. h4 h6 28. h5 Naxb3 29. Qc2 Qb6 30. Nd3 Nxd3 31. Qxd3 Na5 32. e4
d4 33. Bd6 Nc6 34. Kh2 Qa5 35. Qb3 Qc3 36. Qb7 d3 37. Qc8+ Kh7 38. Qc7 d2
39. Qxf7 Nxe5 40. Qxe6 d1=Q 41. Qf5+ g6 42. hxg6+ Nxg6 43. e5 Qc4 44. Qd7+
Kh8 0-1

[Event "Capablanca Mem Elite"]
[Site "Havana CUB"]
[Date "2004.05.06"]
[Round "1"]
[White "Ikonnikov,Vy"]
[Black "Maiwald,JU"]
[Result "0-1"]
[WhiteElo "2556"]
[BlackElo "2543"]
[EventDate "2004.05.06"]

1. d4 Nf6 2. Nf3 g6 3. c4 Bg7 4. g3 O-O 5. Bg2 d6 6. Nc3 Nc6 7. O-O Bf5 8.
Ne1 Qd7 9. e4 Bh3 10. Nc2 Bxg2 11. Kxg2 Na5 12. Qd3 c5 13. d5 a6 14. f3
Rfb8 15. b3 b5 16. Bd2 e6 17. Rab1 b4 18. Ne2 Nb7 19. g4 Qe7 20. Ng3 a5 21.
g5 Nd7 22. f4 a4 23. Rf2 axb3 24. axb3 Ra2 25. h4 Na5 26. Re2 Re8 27. Ne3
Qd8 28. dxe6 Rxe6 29. f5 Ne5 30. Qd5 Re8 31. f6 Bf8 32. Bc1 Rxe2+ 33. Nxe2
Qd7 34. Ng3 Nac6 35. Qd1 d5 36. Nxd5 Nd4 37. Be3 Nec6 38. Bxd4 Nxd4 39. Ra1
h5 40. Ne3 Bd6 41. Nef1 Qe6 42. Ra2 Qe5 43. Kh3 Qf4 44. Ra6 Be5 45. Ra7 Rf8
46. Re7 Nf3 47. Qd7 Bd4 48. Nh1 Qh2+ 0-1

[Event "Capablanca Mem Elite"]
[Site "Havana CUB"]
[Date "2004.05.07"]
[Round "2"]
[White "Felgaer,R"]
[Black "Luther,T"]
[Result "1-0"]
[WhiteElo "2592"]
[BlackElo "2577"]
[EventDate "2004.05.06"]

1. e4 c6 2. d4 d5 3. Nc3 dxe4 4. Nxe4 Nd7 5. Bc4 Ngf6 6. Ng5 e6 7. Qe2 Nb6
8. Bd3 h6 9. N5f3 c5 10. Be3 Nbd5 11. Ne5 Nxe3 12. fxe3 Bd6 13. Ngf3 O-O
14. O-O-O Qc7 15. g4 b5 16. c3 Bb7 17. Rhg1 cxd4 18. exd4 Bxf3 19. Nxf3 b4
20. c4 Bf4+ 21. Kb1 g5 22. h4 Kg7 23. Rh1 Rh8 24. d5 exd5 25. Nd4 Rae8 26.
Nf5+ Kf8 27. Qc2 Nxg4 28. hxg5 Ne3 29. Nxe3 Rxe3 30. g6 fxg6 31. Bxg6 Qxc4
32. Qf5+ 1-0

[Event "Capablanca Mem Elite"]
[Site "Havana CUB"]
[Date "2004.05.08"]
[Round "3"]
[White "Luther,T"]
[Black "Quezada,Y"]
[Result "1/2-1/2"]
[WhiteElo "2577"]
[BlackElo "2478"]
[EventDate "2004.05.06"]

1. e4 c5 2. Nf3 d6 3. d4 cxd4 4. Nxd4 Nf6 5. Nc3 a6 6. Bg5 e6 7. f4 Qb6 8.
Qd2 Nc6 9. Bxf6 gxf6 10. Nb3 Bd7 11. O-O-O O-O-O 12. Kb1 Kb8 13. Be2 h5 14.
h4 Na5 15. Nxa5 Qxa5 16. Bf3 f5 17. exf5 Qxf5 18. Qd4 Be7 19. Qb6 Bc8 20.
Ne2 Qb5 21. Qxb5 axb5 22. a3 d5 23. c3 Bd7 24. g3 Kc7 25. Kc1 Rdg8 26. Kd2
Bc5 27. Ke1 Kd6 28. Kf1 Rh6 29. Kg2 Kc7 30. Rhf1 Kb6 31. Kh2 Kc7 32. Rd3
Kb6 33. Rdd1 Kc7 34. Rd3 Kb6 1/2-1/2

[Event "Capablanca Mem Elite"]
[Site "Havana CUB"]
[Date "2004.05.08"]
[Round "3"]
[White "Morovic Fernandez,I"]
[Black "Arencibia,W"]
[Result "1/2-1/2"]
[WhiteElo "2583"]
[BlackElo "2505"]
[EventDate "2004.05.06"]

1. d4 Nf6 2. c4 e6 3. Nc3 Bb4 4. Qc2 O-O 5. a3 Bxc3+ 6. Qxc3 b6 7. Bg5 Bb7
8. e3 d6 9. Ne2 Nbd7 10. Qd3 a5 11. Nc3 a4 12. Bh4 Ra5 13. f3 Qa8 14. O-O-O
d5 15. Qc2 Rd8 16. Kb1 1/2-1/2

[Event "Capablanca Mem Elite"]
[Site "Havana CUB"]
[Date "2004.05.08"]
[Round "3"]
[White "Maiwald,JU"]
[Black "Ramirez,Al"]
[Result "0-1"]
[WhiteElo "2543"]
[BlackElo "2542"]
[EventDate "2004.05.06"]

1. g3 d5 2. Bg2 e5 3. d3 Nf6 4. Nf3 Nc6 5. O-O g6 6. Nbd2 Bg7 7. e4 O-O 8.
a3 a5 9. b3 Re8 10. Bb2 d4 11. Qb1 Nd7 12. Ne1 Nc5 13. Qd1 f5 14. f4 exf4
15. gxf4 Kh8 16. Rb1 Ne7 17. Nc4 Ne6 18. Qd2 Rf8 19. Nxa5 Bh6 20. Nc4 fxe4
21. dxe4 Bxf4 22. Qe2 b5 23. Ne3 Kg8 24. Ng4 h5 25. e5 hxg4 26. Bxa8 c6 27.
Ng2 Qa5 28. Bxc6 d3 29. cxd3 Qb6+ 30. d4 Qxc6 31. Rfd1 Qd5 32. Qxg4 Ng5 33.
Qe2 Bb7 34. Rd3 Ne6 35. Re1 Bh6 36. Rg3 Nf4 37. Qc2 Nxg2 0-1

[Event "Capablanca Mem Elite"]
[Site "Havana CUB"]
[Date "2004.05.10"]
[Round "4"]
[White "Quezada,Y"]
[Black "Ramirez,Al"]
[Result "1/2-1/2"]
[WhiteElo "2478"]
[BlackElo "2542"]
[EventDate "2004.05.06"]

1. e4 Nf6 2. e5 Nd5 3. d4 d6 4. Nf3 dxe5 5. Nxe5 c6 6. Bc4 Nd7 7. Nf3 e6 8.
O-O Be7 9. Nbd2 O-O 10. Ne4 b5 11. Bd3 a6 12. c3 Bb7 13. a4 Qc7 14. Re1 c5
15. axb5 c4 16. b6 N7xb6 17. Bc2 Nd7 18. Qe2 Rfc8 19. Nfg5 h6 20. Nf3 Nf4
21. Bxf4 Qxf4 22. Ned2 Bd6 23. Be4 Bd5 24. g3 Qg4 25. Kg2 Nf6 26. h3 Qh5
27. g4 1/2-1/2

[Event "Capablanca Mem Elite"]
[Site "Havana CUB"]
[Date "2004.05.10"]
[Round "4"]
[White "Arencibia,W"]
[Black "Ikonnikov,Vy"]
[Result "1/2-1/2"]
[WhiteElo "2505"]
[BlackElo "2556"]
[EventDate "2004.05.06"]

1. d4 d5 2. c4 c6 3. Nc3 Nf6 4. Nf3 a6 5. c5 Nbd7 6. h3 b6 7. cxb6 e6 8. e3
Qxb6 9. Bd3 Be7 10. O-O O-O 11. b3 Bb7 12. Bb2 Rfc8 13. Rc1 c5 14. Na4 Qd8
15. dxc5 Nxc5 16. Nxc5 Bxc5 17. Rc2 Be7 18. Rxc8 Rxc8 19. Qa1 Bf8 20. Rc1
1/2-1/2

[Event "Capablanca Mem Elite"]
[Site "Havana CUB"]
[Date "2004.05.11"]
[Round "5"]
[White "Maiwald,JU"]
[Black "Arencibia,W"]
[Result "0-1"]
[WhiteElo "2543"]
[BlackElo "2505"]
[EventDate "2004.05.06"]

1. Nf3 Nf6 2. g3 b6 3. Bg2 Bb7 4. O-O e6 5. d3 Be7 6. e4 d6 7. Re1 O-O 8.
Nbd2 c5 9. c3 Qc7 10. d4 cxd4 11. cxd4 Nbd7 12. b3 b5 13. Bb2 Rac8 14. a4
b4 15. Rc1 Qb8 16. Qe2 Rxc1 17. Rxc1 Rc8 18. Rxc8+ Qxc8 19. Ne1 Ba6 20. Qd1
d5 21. f3 dxe4 22. fxe4 e5 23. Qc2 Qd8 24. Nef3 Qb6 25. Nc4 Qc7 26. dxe5
Ng4 27. h3 Bxc4 28. hxg4 Bc5+ 29. Kh1 Be6 30. Nd4 Bxg4 31. Nb5 Qb6 32. Qd2
Be3 33. Qd6 Qc5 34. Nd4 g6 35. Qd5 Qf8 36. Nf3 Qh6+ 37. Nh2 Be6 38. Qd1 Bb6
39. Bc1 Qf8 40. Nf3 Qc5 41. Bf4 Qc3 42. Qd6 Qc5 43. Qd3 Bg4 44. e6 Bxf3 45.
exf7+ Kg7 0-1

[Event "Capablanca Mem Elite"]
[Site "Havana CUB"]
[Date "2004.05.11"]
[Round "5"]
[White "Ramirez,Al"]
[Black "Gonzalez,Y"]
[Result "0-1"]
[WhiteElo "2542"]
[BlackElo "2481"]
[EventDate "2004.05.06"]

1. d4 Nf6 2. c4 e6 3. Nc3 Bb4 4. e3 O-O 5. Nf3 d5 6. Bd3 c5 7. O-O dxc4 8.
Bxc4 cxd4 9. exd4 b6 10. Bg5 Bb7 11. Re1 Nbd7 12. Rc1 Rc8 13. Bb3 Bxc3 14.
bxc3 Qc7 15. Bh4 Rfd8 16. Qe2 Qf4 17. Bg3 Qg4 18. Qe3 Bxf3 19. gxf3 Qf5 20.
c4 Nf8 21. Red1 h6 22. Kh1 N8h7 23. Bc2 Qh5 24. Rg1 Kh8 25. Be5 Rg8 26. Bd3
Nd7 27. Bd6 Nhf6 28. Rg3 b5 29. c5 Nd5 30. Qe2 a6 31. Rcg1 Nb4 32. Bb1 Nc6
33. Qe3 Nf6 34. Be4 Nd5 35. Qd2 f5 36. Bb1 g5 37. Kg2 Qg6 38. h4 Qf6 39.
hxg5 Rxg5 40. Re1 Rcg8 41. f4 Rg4 42. Rh1 Kh7 43. Be5 Nxe5 44. fxe5 Qg6 45.
Kf1 Nf4 46. Rhg1 Qh5 47. Qc3 Rxg3 48. fxg3 Qd1+ 49. Qe1 Qf3+ 50. Qf2 Qd1+
51. Qe1 Qxd4 52. Rh1 Qd5 53. Rh2 Qc4+ 54. Kg1 Qxc5+ 55. Kf1 Qc4+ 56. Kg1
Qd4+ 57. Kf1 Nd5 58. Rd2 Ne3+ 59. Ke2 Qxe5 60. Kf3 Rxg3+ 0-1

[Event "Capablanca Mem Elite"]
[Site "Havana CUB"]
[Date "2004.05.12"]
[Round "6"]
[White "Quezada,Y"]
[Black "Gonzalez,Y"]
[Result "1/2-1/2"]
[WhiteElo "2478"]
[BlackElo "2481"]
[EventDate "2004.05.06"]

1. e4 e5 2. Nf3 Nc6 3. Bb5 a6 4. Ba4 Nf6 5. O-O Be7 6. Re1 b5 7. Bb3 d6 8.
c3 O-O 9. h3 h6 10. d4 Re8 11. Nbd2 Bf8 12. Nf1 Bb7 13. Ng3 Na5 14. Bc2 Nc4
15. b3 Nb6 16. a4 bxa4 17. bxa4 a5 18. Bd3 Ba6 19. Bxa6 Rxa6 20. Qd3 Ra8
21. d5 Qd7 22. Qc2 c6 23. c4 cxd5 24. cxd5 Rec8 25. Qd1 Rc4 26. Bd2 Rxa4
27. Qb3 Rxa1 1/2-1/2

[Event "Capablanca Mem Elite"]
[Site "Havana CUB"]
[Date "2004.05.12"]
[Round "6"]
[White "Arencibia,W"]
[Black "Ramirez,Al"]
[Result "1-0"]
[WhiteElo "2505"]
[BlackElo "2542"]
[EventDate "2004.05.06"]

1. d4 d5 2. c4 c6 3. Nf3 Nf6 4. e3 Bf5 5. Nc3 a6 6. Bd3 Bxd3 7. Qxd3 e6 8.
e4 Be7 9. O-O O-O 10. Rd1 Re8 11. Bd2 dxe4 12. Nxe4 Nxe4 13. Qxe4 Nd7 14.
Bc3 Bf6 15. Ne5 Qc7 16. Ng4 Bg5 17. Qd3 Qf4 18. Qe2 Nf6 19. Ne5 Qe4 20. Kf1
Bf4 21. Rd3 Rac8 22. Rf3 Qxe2+ 23. Kxe2 Bg5 24. g3 h5 25. h4 Bh6 26. a4
Red8 27. Rd1 b6 28. Bb4 Re8 29. a5 bxa5 30. Bxa5 Re7 31. Rb3 Ra7 32. Rb6 c5
33. dxc5 Rxc5 34. Bc3 Ra8 35. f3 Ne8 36. b4 Rc7 37. Rd7 Rcc8 38. Nxf7 Rxc4
39. Nxh6+ gxh6 40. Be5 a5 41. Rxe6 1-0

[Event "Capablanca Mem Elite"]
[Site "Havana CUB"]
[Date "2004.05.12"]
[Round "6"]
[White "Luther,T"]
[Black "Morovic Fernandez,I"]
[Result "0-1"]
[WhiteElo "2577"]
[BlackElo "2583"]
[EventDate "2004.05.06"]

1. e4 e5 2. Nf3 Nc6 3. Bb5 a6 4. Ba4 Nf6 5. O-O Be7 6. Re1 b5 7. Bb3 d6 8.
c3 O-O 9. h3 Na5 10. Bc2 c5 11. d4 Nd7 12. Nbd2 exd4 13. cxd4 Nc6 14. d5
Nce5 15. Nh2 Ng6 16. g3 Nb6 17. Qh5 Bf6 18. Ng4 Bxg4 19. hxg4 Nc4 20. Nxc4
bxc4 21. e5 Re8 22. e6 Qc7 23. Rb1 Nf8 24. Qf5 Rad8 25. Bf4 Re7 26. Re4
fxe6 27. dxe6 Qc6 28. Re2 d5 29. Rbe1 Rde8 30. Bd1 Nxe6 31. Bc2 Nf8 32.
Rxe7 Rxe7 33. Rxe7 Bxe7 34. Qe5 Qe6 35. Qc7 g6 36. Bh6 d4 37. Bd1 Nd7 38.
Qc8+ Kf7 39. Qh8 Qe1+ 40. Kg2 Qxd1 41. Qxh7+ Ke8 42. Qxg6+ Kd8 43. Qg8+ Kc7
44. Qa8 Qa4 45. Bf4+ Bd6 46. Qa7+ Kc8 47. Qa8+ Bb8 48. g5 Qb5 49. Bxb8 Nxb8
50. g6 Qc6+ 51. Qxc6+ Nxc6 52. g7 Ne7 53. f4 c3 54. bxc3 dxc3 55. f5 Ng8
0-1

[Event "Capablanca Mem Elite"]
[Site "Havana CUB"]
[Date "2004.05.14"]
[Round "7"]
[White "Ikonnikov,Vy"]
[Black "Luther,T"]
[Result "1/2-1/2"]
[WhiteElo "2556"]
[BlackElo "2577"]
[EventDate "2004.05.06"]

1. d4 d5 2. Nf3 Nf6 3. c4 c6 4. Nc3 a6 5. a4 e6 6. Bg5 Nbd7 7. a5 Bb4 8.
Qa4 Be7 9. e3 O-O 10. cxd5 exd5 11. Bd3 Nh5 12. Bxe7 Qxe7 13. O-O f5 14.
Qc2 g6 15. Na4 Nhf6 16. Ra3 Ne4 17. Rb3 Nd6 18. Nc5 Nf6 19. Ne5 Ng4 20. Nf3
Nf7 21. Be2 Nf6 22. Nd3 Nd7 23. Qc3 Re8 24. Rc1 g5 25. Bf1 Qf6 26. Qd2 Re6
27. g3 Qh6 28. h4 g4 29. Nfe1 Re7 30. Ng2 Qd6 31. Qb4 Qxb4 32. Rxb4 Nf6 33.
Nc5 Ne4 34. Nf4 Kf8 35. Be2 Re8 36. Nxe4 fxe4 37. Nh5 Nh6 38. Kf1 Ke7 39.
Rc3 Kd6 40. Ke1 Ng8 41. Kd2 Rf8 42. Nf4 Nf6 43. Rb6 Kc7 44. Rcb3 Ra7 45.
R3b4 Rf7 1/2-1/2

[Event "Capablanca Mem Elite"]
[Site "Havana CUB"]
[Date "2004.05.14"]
[Round "7"]
[White "Gonzalez,Y"]
[Black "Arencibia,W"]
[Result "1/2-1/2"]
[WhiteElo "2481"]
[BlackElo "2505"]
[EventDate "2004.05.06"]

1. e4 e5 2. Nf3 Nc6 3. Bc4 Bc5 4. c3 Nf6 5. d3 d6 6. Nbd2 a6 7. Bb3 Ba7 8.
h3 h6 9. Nf1 Be6 10. Ng3 Qd7 11. Be3 Bxe3 12. fxe3 d5 1/2-1/2

[Event "Capablanca Mem Elite"]
[Site "Havana CUB"]
[Date "2004.05.15"]
[Round "8"]
[White "Quezada,Y"]
[Black "Arencibia,W"]
[Result "0-1"]
[WhiteElo "2478"]
[BlackElo "2505"]
[EventDate "2004.05.06"]

1. e4 e5 2. Nf3 Nc6 3. Bb5 a6 4. Ba4 Nf6 5. O-O Be7 6. Re1 b5 7. Bb3 d6 8.
c3 O-O 9. h3 Na5 10. Bc2 c5 11. d4 Nd7 12. Nbd2 exd4 13. cxd4 Nc6 14. d5
Nce5 15. Nxe5 Nxe5 16. f4 Ng6 17. Nf3 f5 18. a4 fxe4 19. Bxe4 b4 20. Qd3
Bh4 21. Nxh4 Qxh4 22. Bd2 Qf6 23. b3 a5 24. Rac1 Ra7 25. Kh1 Ba6 26. Qc2
Re7 27. f5 Ne5 28. Bf4 Rfe8 29. Qd2 h6 30. Bb1 Bc8 31. Rf1 Nf7 32. Bd3 Bd7
33. Bg3 Qd4 34. Bf2 Qxd5 35. f6 Bc6 36. Bxc5 Re2 0-1

[Event "Capablanca Mem Elite"]
[Site "Havana CUB"]
[Date "2004.05.16"]
[Round "9"]
[White "Morovic Fernandez,I"]
[Black "Quezada,Y"]
[Result "1-0"]
[WhiteElo "2583"]
[BlackElo "2478"]
[EventDate "2004.05.06"]

1. d4 Nf6 2. c4 e6 3. Nc3 Bb4 4. Qc2 O-O 5. e4 d5 6. e5 Ne4 7. a3 Bxc3+ 8.
bxc3 c5 9. Bd3 cxd4 10. cxd4 Qa5+ 11. Kf1 Nc6 12. Ne2 f6 13. Bxe4 dxe4 14.
exf6 Rxf6 15. Be3 Bd7 16. Kg1 Ne7 17. Qxe4 Nf5 18. Qxb7 Raf8 19. Bg5 R6f7
20. Qb4 Qa6 21. f3 h6 22. Bd2 Bc6 23. h4 Rb7 24. Qc3 Rfb8 25. Bf4 Rb3 26.
Qe1 Rf8 27. Nc1 Rxf3 28. Qxe6+ Kh7 29. Ne2 Rf6 30. Qe5 Rxa3 31. Rxa3 Qxa3
32. d5 Bd7 33. Qe4 Rg6 34. h5 Rg4 35. Kf2 Kh8 36. Rb1 Qc5+ 37. Ke1 Rh4 38.
g3 Qa5+ 39. Kf2 Qc5+ 40. Kg2 Rg4 41. Rb8+ Kh7 42. Rb7 Bc8 43. Rf7 1-0

[Event "Capablanca Mem Elite"]
[Site "Havana CUB"]
[Date "2004.05.16"]
[Round "9"]
[White "Ramirez,Al"]
[Black "Luther,T"]
[Result "0-1"]
[WhiteElo "2542"]
[BlackElo "2577"]
[EventDate "2004.05.06"]

1. e4 e6 2. d4 d5 3. e5 c5 4. c3 Nc6 5. Nf3 Nge7 6. Na3 cxd4 7. cxd4 Nf5 8.
Nc2 Nh4 9. Nxh4 Qxh4 10. Be2 f5 11. O-O Bd7 12. b4 a6 13. Rb1 Qd8 14. Rb3
Be7 15. Bh5+ g6 16. Bh6 Na7 17. Be2 Rc8 18. Qd2 Ba4 19. Rb2 Qc7 20. Ne1 Qc3
21. Qxc3 Rxc3 22. Bd2 Rc7 23. f4 Nb5 24. Bxb5+ Bxb5 25. Rf3 Kf7 26. Rc3 Rc4
27. Rxc4 dxc4 28. Rc2 h6 29. Nf3 Rc8 30. Kf2 Bd7 31. Ke3 b5 32. d5 exd5 33.
Nd4 Ra8 34. Rb2 g5 35. g3 gxf4+ 36. gxf4 Rg8 37. Be1 Rg1 38. Nf3 d4+ 39.
Kxd4 Rf1 40. Ke3 Bc6 41. Rf2 Rh1 42. Bc3 Bxf3 43. Kxf3 Rb1 44. Rd2 Bxb4 45.
Bxb4 Rxb4 46. Rd7+ Ke8 47. Rd6 Ra4 48. Rf6 Ra3+ 49. Ke2 Rxa2+ 50. Kd1 b4
0-1

[Event "Capablanca Mem Elite"]
[Site "Havana CUB"]
[Date "2004.05.17"]
[Round "10"]
[White "Felgaer,R"]
[Black "Arencibia,W"]
[Result "1-0"]
[WhiteElo "2592"]
[BlackElo "2505"]
[EventDate "2004.05.06"]

1. e4 e5 2. Nf3 Nf6 3. Nxe5 d6 4. Nf3 Nxe4 5. d4 d5 6. Bd3 Nc6 7. O-O Be7
8. c4 Nf6 9. Nc3 O-O 10. cxd5 Nb4 11. Bc4 Nbxd5 12. Re1 c6 13. Ne5 Be6 14.
Qf3 Nc7 15. Bf4 Bxc4 16. Nxc4 Ncd5 17. Be5 Re8 18. Re2 Nxc3 19. bxc3 Qd5
20. Qd3 Nd7 21. Bxg7 Kxg7 22. Rae1 Qg5 23. Re3 Kf8 24. Qxh7 Nf6 25. Qh8+
Ng8 26. Ne5 f6 27. Rg3 fxe5 28. Rxg5 Bxg5 29. dxe5 Re7 30. Qh5 Bh6 31. f4
Rd8 32. g3 Rh7 33. Rd1 Rxd1+ 34. Qxd1 Kg7 35. Qd8 Kh8 36. f5 Be3+ 37. Kg2
Bb6 38. Qf8 1-0

[Event "Capablanca Mem Elite"]
[Site "Havana CUB"]
[Date "2004.05.17"]
[Round "10"]
[White "Luther,T"]
[Black "Gonzalez,Y"]
[Result "1-0"]
[WhiteElo "2577"]
[BlackElo "2481"]
[EventDate "2004.05.06"]

1. e4 e5 2. Nf3 Nc6 3. Bb5 a6 4. Ba4 Nf6 5. O-O Be7 6. Re1 b5 7. Bb3 d6 8.
c3 O-O 9. h3 h6 10. d4 Re8 11. Nbd2 Bf8 12. Nf1 Bb7 13. Ng3 Na5 14. Bc2 Nc4
15. b3 Nb6 16. Rb1 c5 17. d5 Bc8 18. a4 Bd7 19. a5 Nc8 20. b4 c4 21. Nh2
Be7 22. f4 Nh7 23. f5 Bg5 24. Bb2 g6 25. Nf3 Bf6 26. Qd2 Bg7 27. Nh2 Rf8
28. Rf1 g5 29. Nh5 f6 30. Bd1 Be8 31. Ng3 Ra7 32. Bh5 Bxh5 33. Nxh5 Qe8 34.
Qe2 Rff7 35. Bc1 Kf8 36. Be3 Rab7 37. h4 Ke7 38. hxg5 hxg5 39. Rf3 Kd7 40.
Rh3 Bf8 41. Kf2 Kc7 42. Rh1 Kb8 43. Ng4 Qd7 44. Ng3 Qd8 45. R1h2 Rbe7 46.
Qe1 Qc7 47. Qh1 Ka8 48. Nf1 Rg7 49. Rh6 Rgf7 50. Rg6 Qb7 51. Rg8 Re8 52.
Rh8 Ree7 53. Nd2 Kb8 54. Nf3 Ka8 55. Qc1 Kb8 56. R2xh7 Rxh7 57. Rxf8 Ref7
58. Rg8 Qd7 59. Bb6 Rfg7 60. Rxg7 Qxg7 61. Bd8 Ne7 62. Qe3 Ng8 63. Qb6+ Kc8
64. Qxd6 1-0

[Event "Capablanca Mem Elite"]
[Site "Havana CUB"]
[Date "2004.05.17"]
[Round "10"]
[White "Morovic Fernandez,I"]
[Black "Ikonnikov,Vy"]
[Result "0-1"]
[WhiteElo "2583"]
[BlackElo "2556"]
[EventDate "2004.05.06"]

1. d4 d5 2. c4 c6 3. Nc3 Nf6 4. e3 a6 5. Nf3 b5 6. b3 Bg4 7. Be2 e6 8. O-O
Nbd7 9. h3 Bh5 10. Bb2 Bd6 11. Ne5 Bxe2 12. Nxe2 Qc7 13. cxd5 cxd5 14. Rc1
Qb8 15. Nc6 Qb6 16. Qd3 O-O 17. Rc2 Rfc8 18. Rfc1 Rc7 19. Ne7+ Kh8 20. Rxc7
Bxc7 21. Nc6 Bd6 22. Ne5 Qb7 23. Qc2 Nb6 24. Nd3 Rc8 25. Nc5 Qa8 26. Qd2
Nbd7 27. Rc2 Kg8 28. Qc1 Nb6 29. Nf4 Bxf4 30. exf4 Ne4 31. Ba3 a5 32. Nxe4
dxe4 33. Rxc8+ Qxc8 34. Qxc8+ Nxc8 35. Bc5 f5 36. Kf1 Kf7 37. Ke2 Ne7 38.
a4 bxa4 39. bxa4 Nd5 40. Kd2 Nxf4 41. Bb6 Nxg2 42. d5 exd5 43. Bxa5 Ke6 44.
Bc7 Kd7 45. Be5 g5 46. Bf6 Nh4 47. Kc3 Nf3 0-1

[Event "Capablanca Mem Elite"]
[Site "Havana CUB"]
[Date "2004.05.19"]
[Round "11"]
[White "Ikonnikov,Vy"]
[Black "Quezada,Y"]
[Result "1-0"]
[WhiteElo "2556"]
[BlackElo "2478"]
[EventDate "2004.05.06"]

1. d4 Nf6 2. Nf3 e6 3. c4 b6 4. g3 Bb7 5. Bg2 Be7 6. O-O O-O 7. Nc3 Ne4 8.
Bd2 Bf6 9. Rc1 d6 10. d5 Nxc3 11. Bxc3 Bxc3 12. Rxc3 e5 13. b4 a5 14. a3
Nd7 15. e4 Qe7 16. Ne1 c6 17. dxc6 Bxc6 18. Nc2 Nf6 19. Qd3 Rfd8 20. Ne3
axb4 21. axb4 g6 22. Nd5 Nxd5 23. cxd5 Bd7 24. Qe3 Rdb8 25. Rfc1 Qd8 26.
Bf1 Ra4 27. Rc7 Rxb4 28. Qa3 Rxe4 29. Qxd6 Bf5 30. Qa3 Ra8 31. Qb2 Rd4 32.
Bg2 Rb8 33. h3 h5 34. Qa3 Rxd5 35. Bxd5 Qxd5 36. Kh2 Ra8 37. Qe3 Ra2 38.
Qxb6 Qf3 39. Qb8+ Kg7 40. Rxf7+ Kh6 41. Qf8+ Kg5 42. Qe7+ 1-0

[Event "Capablanca Mem Elite"]
[Site "Havana CUB"]
[Date "2004.05.19"]
[Round "11"]
[White "Arencibia,W"]
[Black "Luther,T"]
[Result "1-0"]
[WhiteElo "2505"]
[BlackElo "2577"]
[EventDate "2004.05.06"]

1. d4 d5 2. c4 c6 3. Nf3 Nf6 4. e3 a6 5. Nbd2 Bg4 6. Qb3 Ra7 7. Ne5 Bf5 8.
Be2 h6 9. O-O e6 10. cxd5 exd5 11. e4 Be6 12. exd5 Bxd5 13. Qg3 Be7 14.
Ndc4 Kf8 15. Bf4 g5 16. Bd2 Ne4 17. Qe3 Nxd2 18. Qxd2 Nd7 19. f4 Nxe5 20.
Nxe5 Bd6 21. Qc3 Rg8 22. Qh3 gxf4 23. Qxh6+ Ke8 24. Bf3 Bxe5 25. Rae1 Be6
26. dxe5 Qg5 27. Qxg5 Rxg5 28. a3 a5 29. h4 Rg8 30. Re4 Ra6 31. Rxf4 Rb6
32. Rf2 Rb3 33. Rc2 Ke7 34. Kf2 Rd8 35. h5 Kf8 36. Bg4 Re8 37. Re2 b5 38.
Bxe6 Rxe6 39. Rf3 Rxf3+ 40. Kxf3 Kg7 41. Kf4 c5 42. Ke4 b4 43. Kd5 bxa3 44.
bxa3 Rb6 45. Re4 Rb3 46. a4 Rb4 47. Rc4 Kh6 48. g4 Kg5 49. Kxc5 1-0